000 00662nam a22002297a 4500
005 20220207161244.0
008 220207b ||||| |||| 00| 0 eng d
040 _cAL
041 _aEnglish
082 _223
_a331.0973
_bBOKL
100 _aDerek C Bok and others
_917374
245 _aLabor and the American Community
260 _aNew Delhi
_bAffiliated East West press Pvt.Ltd
_c1970
300 _a542 p.
_bHB
_c21x14 cm.
365 _c
_d₹15.00
650 _aTrade unions
_917369
650 _aMinority Interests
_917370
650 _aLabor Unions
_917371
700 _aBOK (Derek C)
_917372
700 _aDUNLOP (John T)
_917373
942 _2ddc
_cGF
999 _c221440
_d221440